Učitavanje...

Profit planning and control

Bibliografski detalji
Glavni autor: Jain, C P
Format: Printed Book
Jezik:Undetermined
Izdano: Jaipur National 1989
LEADER 00487nam a2200133Ia 4500
008 161229s9999 xx 000 0 und d
082 |a 658.155 JAI/PR 
100 |a Jain, C P 
245 |a Profit planning and control 
260 |b National  |a Jaipur  |c 1989 
300 |a 202 
942 |c BK 
999 |c 150544  |d 150544 
952 |0 0  |1 0  |4 0  |6 658_155000000000000_JAIPR  |7 0  |9 149586  |a KAUCLV  |b KAUCLV  |d 2016-12-29  |g 200.00  |o 658.155 JAI/PR  |p 901853  |r 2016-12-29  |w 2016-12-29  |y BK  |z Book transferred from CCBM Library ,Acc.No:824